Otázky moderní feministické sociální práce: emancipatorní, nebo genderová specifická sociální práce?
Vyjasnenie feministických otázok a ako môže feministická perspektíva v praxi sociálnej práce umožniť osobné a sociálne zmeny. Charakteristika, hodnoty a ciele praxe feministickej sociálnej práce a jej odlišnosťod iných perspektív. Komparácia emancipatórneho prístupu a genderové špecifiká sociálnej p...
Guardado en:
| Autor principal: | |
|---|---|
| Formato: | Capítulo de libro |
| Lenguaje: | checo |
| Materias: | |
| Etiquetas: |
Sin Etiquetas, Sea el primero en etiquetar este registro!
|
MARC
| LEADER | 00000naa a2200000 4500 | ||
|---|---|---|---|
| 001 | 0214681 | ||
| 005 | 20220729110648.9 | ||
| 041 | 0 | |a cze | |
| 044 | |a CZ | ||
| 245 | 1 | 0 | |a Otázky moderní feministické sociální práce: emancipatorní, nebo genderová specifická sociální práce? |c Radka Janebová |
| 520 | |a Vyjasnenie feministických otázok a ako môže feministická perspektíva v praxi sociálnej práce umožniť osobné a sociálne zmeny. Charakteristika, hodnoty a ciele praxe feministickej sociálnej práce a jej odlišnosťod iných perspektív. Komparácia emancipatórneho prístupu a genderové špecifiká sociálnej práce. | ||
| 610 | 2 | 0 | |a vzťahy genderové |
| 610 | 2 | 0 | |a ženy |
| 610 | 2 | 0 | |a diferenciácia rodová |
| 610 | 2 | 0 | |a rovnosť rodová |
| 610 | 2 | 0 | |a náročnosť profesionálna |
| 610 | 2 | 0 | |a pracovníci sociálni |
| 610 | 2 | 0 | |a spoločnosť |
| 610 | 2 | 0 | |a práca sociálna |
| 100 | 1 | |a Janebová, Radka | |